Ngôn ngữ hình thức kiến trúc

Đây là một cuốn sách cần thiết và bổ ích cho sinh viên kiến trúc và các kiến trúc sư. Cuốn sách được trình bày bằng những hình tượng kiến trúc có cách vẽ sinh động, trình bày kiến thức về các hình thức cơ bản của kiến trúc như điể...

ver descrição completa

Na minha lista:
Detalhes bibliográficos
Autor principal: La, Văn Ái
Formato: Livro
Idioma:Undetermined
Publicado em: Hà Nội Xây Dựng 2010
Assuntos:
Tags: Adicionar Tag
Sem tags, seja o primeiro a adicionar uma tag!
Thư viện lưu trữ: Trung tâm Học liệu Trường Đại học Cần Thơ
LEADER 01186nam a2200205Ia 4500
001 CTU_168918
008 210402s9999 xx 000 0 und d
020 |c 66000 
082 |a 721.042 
082 |b A103/T.2 
100 |a La, Văn Ái 
245 0 |a Ngôn ngữ hình thức kiến trúc 
245 0 |c La Văn Quán, Triệu Quang Diệu ; Đặng Thái Hoàng biên dịch 
260 |a Hà Nội 
260 |b Xây Dựng 
260 |c 2010 
520 |a Đây là một cuốn sách cần thiết và bổ ích cho sinh viên kiến trúc và các kiến trúc sư. Cuốn sách được trình bày bằng những hình tượng kiến trúc có cách vẽ sinh động, trình bày kiến thức về các hình thức cơ bản của kiến trúc như điểm, tuyến, diện, khối và các yếu tố cơ bản về hình dáng, màu sắc, chất cảm và hoa văn. 
650 |a Architecture,Structural design,Kiến trúc,Thiết kế cấu trúc 
904 |i Trọng Hiếu 
980 |a Trung tâm Học liệu Trường Đại học Cần Thơ